000 00703nam a2200205Ii 4500
003 JO-AjNU
008 230605s9999||||xx |||||||||||||| ||und||
040 _aJO-AjNU
_bara
_erda
_cJO-AjNU
041 _aara
050 1 4 _aDS119.8.A38.A92
100 3 _aتاليف عبد الرحمن، عواطف، م. مشارك شعراوي، حلمي,
_eauthor
_916440
245 0 0 _aإسرائيل وأفريقيا 1948- 1985
250 _aط2
264 3 1 _aالقاهرة: دار الفكر العربي
300 _a238ص
336 _atext
_btxt
_2rdacontent
337 _aunmediated
_bn
_2rdamedia
338 _avolume
_bnc
_2rdacarrier
650 4 _aاسرائيل- افريقيا-تاريخ 1948-1985
_916441
999 _aA4870
_c8438
_d8438